000 00709nam a22001937a 4500
003 OSt
005 20250210165530.0
008 240827b ||||| |||| 00| 0 eng d
040 _c0
082 _aDPer 379.1 J826 Winter-Spring 2021 v. 46, n. 3-4
100 _aBynum, Yvette.
_eauthor.
_958973
245 _aHawaii /
_cYvette Bynum and Brenda Mendiola.
260 _aUnited States ;
_bUniversity of Illinois Press and Johns Hopkins University Press,
_cWinter 2021.
300 _avolume 46, pages 269-271.
500 _aJournal of Education Finance, v. 46, n. 3 , pages 269-271, Winter 2021.
700 _aBynum, Yvette.
_eauthor.
_958973
700 _aMendiola, Brenda.
_eauthor.
_958974
942 _2ddc
_cPER
999 _c20882
_d20882